000
00296nam a2200133Ia 4500
008
260604s9999 xx 000 0 und d
020
_a
9781138189027
082
_a
330 RAD
100
_a
RADAY
_9
35475
245
0
_a
ECONOMIC WOMAN
260
_b
ROUTLEDGE
500
_a
Economy, Woman
942
_c
BK
999
_c
8296
_d
8296